• 首页
  • 本馆介绍
  • 公告通知
  • 最新文献
  • 馆藏检索
  • 电子资源
  • 读者导购
  • 参考咨询
  • 我的图书馆
  • 登录
  • 详细信息显示
  • 放入我的书架
  • 预约/预借图书
  • 作者相关作品
  • 分类相关作品
  • 丛书相关作品
  • 出版社相关作品

书目信息

  • 表格格式
  • 工作单格式
  • 卡片格式
题名:
医学遗传学
    
 
作者: 王望九 主编
分册:  
出版信息: 北京   中国中医药出版社  2007
页数: 311页
开本: 26cm
丛书名:
单 册:
中图分类: R394
科图分类:
主题词: 医学遗传学--中医学院--教材
电子资源:
ISBN: 978-7-80156-261-6
000 00966nam0 2200241 450
001 012015000330
005 20150914160756.68
010    @a978-7-80156-261-6@dCNY25.00
100    @a20111117d2007 em y0chiy0110 ea
101 0  @achi
102    @aCN@b110000
105    @ay z 001yy
106    @ar
200 1  @a医学遗传学@Ayi xue yi chuan xue@f王望九主編
210    @a北京@c中国中医药出版社@d2007
215    @a311页@d26cm
300    @a新世纪全国高等中医药院校创新教材 供中医药类、中西医结合、针灸推拿、护理等专业用
330    @a本书共17章,除第一章为“绪论”外,上篇用4章的篇幅描述了遗传信息的物质基础及遗传信息的改变,包括基因及基因突变、染色体及染色体畸变等。中篇用6章篇幅介绍人类疾病的遗传机制及各种遗传病。下篇用6章篇幅介绍了医学遗传学若干分支,其中包括临床遗传学、药物遗传及中医遗传学等。
606 0  @a医学遗传学@x中医学院@j教材
690    @aR394@v5
701  0 @a王望九@Awang wang jiu@4主编
801  0 @aCN@b碧洲教育@c20150716
905    @a10447@f3@dR394@e246
    
    医学遗传学/王望九主編.-北京:中国中医药出版社,2007
    311页;26cm
    新世纪全国高等中医药院校创新教材 供中医药类、中西医结合、针灸推拿、护理等专业用
    
    ISBN 978-7-80156-261-6:CNY25.00
    本书共17章,除第一章为“绪论”外,上篇用4章的篇幅描述了遗传信息的物质基础及遗传信息的改变,包括基因及基因突变、染色体及染色体畸变等。中篇用6章篇幅介绍人类疾病的遗传机制及各种遗传病。下篇用6章篇幅介绍了医学遗传学若干分支,其中包括临床遗传学、药物遗传及中医遗传学等。
●
相关链接 在E读中查询图书 在五车中查询图书 在当当中查询图书 在豆瓣中查询图书


正题名:医学遗传学     索取号:R394/246         预约/预借

序号 登录号 条形码 馆藏地/架位号 状态 备注
1 0849722   208497223   第二样本阅览室/ [索取号:R394/246] 在馆    
2 0849723   208497232   第三借阅区/ [索取号:R394/246] 在馆    
3 0849724   208497241   第三借阅区/ [索取号:R394/246] 在馆    
唐山师范学院图书馆 欢迎您!
大连网信软件有限公司© 版权所有